Statistics for ordinary things (feat. Nonna) - Ariana Grande (lyrics)

Click here to take the quiz!

General Stats

  • This quiz has been taken 26 times
  • The average score is 243 of 294

Answer Stats

Answer% Correct
a
100%
an
100%
California
100%
champagne
100%
could
100%
do
100%
do,
100%
(Do)
100%
go
100%
I
100%
if
100%
in
100%
pop
100%
the
100%
('Thing)
100%
to
100%
wanna
100%
We
100%
(We)
100%
we
100%
when
100%
You
100%
you
100%
Anything
93%
anything
93%
be
93%
don't
93%
ever,
93%
ever
93%
have
93%
it
93%
It
93%
it's
93%
It's
93%
like
93%
never
93%
ordinary
93%
Ordinary
93%
thing
93%
thing,
93%
things
93%
Tokyo
93%
(Want)
93%
want
93%
what
93%
with
93%
all
87%
But
87%
but
87%
funny,
87%
gonna
87%
he
87%
matter
87%
night
87%
No
87%
no
87%
of
87%
omakase
87%
out
87%
that
87%
There's
87%
true
87%
biggest
80%
dime
80%
every
80%
fan
80%
first
80%
hear
80%
hit
80%
I'm
80%
just
80%
Louvre
80%
my
80%
say
80%
sip
80%
spend
80%
up
80%
after
73%
as
73%
As
73%
at
73%
day
73%
hang
73%
Hypothetically,
73%
long
73%
time
73%
we'd
73%
wine
73%
your
73%
And
67%
and
67%
critiques
67%
green
67%
late
67%
light
67%
matching
67%
more
67%
need
67%
real
67%
running
67%
stuck
67%
bed
60%
get
60%
goodnight
60%
off
60%
slopes
60%
snowsuits
60%
can
53%
can't,
53%
comfortable
53%
feel
53%
I'd
53%
not
53%
place,
53%
That's
53%
without
53%
worst
53%
wrong
53%
You're
53%
almighty
47%
arrived
47%
come
47%
daylight
47%
diamonds,
47%
doing
47%
easy
47%
God
47%
him,
47%
kissing
47%
left
47%
mean,
47%
million
47%
overcome
47%
packed
47%
see
47%
train
47%
was
47%
could've
40%
fought
40%
gets
40%
he'd
40%
her,
40%
home
40%
know?
40%
seeing
40%
times
40%
told
40%
very
40%

Score Distribution

Percentile by Number Answered

Percent of People with Each Score

Your Score History

You have not taken this quiz